Sports Quiz

Random Sports or Baseball Quiz

2017 Mets Opening Day Players Still On Active Roster Quiz Stats

 Plays Quiz not verified by Sporcle

Challenge
Share
Tweet
Embed
Score 0/10 Timer 02:00
0 Plays Today
Position Player % Correct
CTravis d'Arnaud
92.7%
RHP Jacob deGrom
89.1%
LFYoenis Cespedes
87.9%
INFAsdrubal Cabrera
86.1%
INFWilmer Flores
83%
LHPJerry Blevins
81.8%
RHPHansel Robles
50.9%
LHPJosh Smoker
50.9%
RHPRobert Gsellman
43%
RHPRafael Montero
28.5%

You're not logged in!

Compare scores with friends on all Sporcle quizzes.
OR
Log In

You Might Also Like...

Show Comments

Extras

Top Quizzes Today


Score Distribution

Your Account Isn't Verified!

In order to create a playlist on Sporcle, you need to verify the email address you used during registration. Go to your Sporcle Settings to finish the process.

Report this User

Report this user for behavior that violates our Community Guidelines.

Details: